Alcoholismo: su problemática en un país con hábitos de consumo de bebidas destiladas
Uloženo v:
| Hlavní autor: | |
|---|---|
| Médium: | Text |
| Vydáno: |
San José:
Instituto Nacional sobre Alcoholismo
|
| Tagy: |
Přidat tag
Žádné tagy, Buďte první, kdo vytvoří štítek k tomuto záznamu!
|
MARC
| LEADER | 00000 a a2200000 04500 | ||
|---|---|---|---|
| 001 | 14195 | ||
| 003 | |||
| 040 | |||
| 090 | |a 027500 | ||
| 100 | |a Miguez L, Hugo A. | ||
| 245 | |a Alcoholismo: su problemática en un país con hábitos de consumo de bebidas destiladas | ||
| 260 | |a San José: |b Instituto Nacional sobre Alcoholismo | ||
| 300 | |a 29 p. | ||
| 999 | |c 10781 |d 10781 | ||
